| 000 | 00498nam a22001697a 4500 | ||
|---|---|---|---|
| 082 |
_a628.1 _bSIN _cL-23, P-65 |
||
| 100 |
_aSingh, Gurcharan _913098 |
||
| 245 |
_aWater supply and sanitary engineering _cSingh, Gurcharan |
||
| 250 | _aII | ||
| 260 |
_aDelhi, India _bStandard Publishers _c1980 |
||
| 300 |
_aP-607 _bill |
||
| 526 |
_a0 _b0 _c0 _d628_100000000000000_SIN |
||
| 526 |
_a0 _b0 _c0 _d628_100000000000000_SIN |
||
| 650 |
_aMCE _9379 |
||
| 700 |
_aSingh, Gurcharan _913098 |
||
| 942 |
_2ddc _cBK |
||
| 999 |
_c548092 _d548092 |
||